000 00627nam a2200229Ia 4500
001 44065
005 20240114003614.0
007 ta
008 090219s1959 a g b000 u 903 u
040 _aCotton College,Assam
041 _a903
082 _a331.1151
_bSr 34 In
100 _aSrinivasan, K. S .
245 0 _aInterview and employment /
_cK. S. Srinivasan.
_hTextual Documents
250 _a1st /
260 _aNew delhi :
_bService Institute ,
_c1959.
300 _a75p. :
_bThoroghly illustrated ;
_c22 cm. .
653 _aT/G-Economics
942 _2ddc
_cBK
999 _c44031
_d44031